[Event "BLR-ch (Women)"]
[Site "Minsk"]
[Date "2017.01.16"]
[Round "4"]
[White "Ilyuchyk, Yana"]
[Black "Kusenkova, Natallia"]
[Result "1-0"]
[WhiteElo "1966"]
[BlackElo "2156"]
[PlyCount "81"]
[EventDate "2017.01.13"]
[EventType "tourn"]
[EventRounds "9"]
[EventCountry "BLR"]
[SourceTitle "CBM 176 Extra"]
[Source "ChessBase"]
[SourceDate "2017.03.02"]
[SourceVersion "1"]
[SourceVersionDate "2017.03.02"]
[SourceQuality "1"]

1. e4 e5 2. Nf3 Nc6 3. d4 exd4 4. Nxd4 Bc5 5. Be3 Qf6 6. c3 Nge7 7. Bc4 b6 8. 0-0 Bb7 9. f4 Qg6 10. f5 Qf6 11. Nc2 Ne5 12. Bd3 0-0-0 13. Bxc5 bxc5 14. Ne3 d5 15. Ng4 Nxg4 16. Qxg4 Nc6 17. Qf4 Ne5 18. Bc2 d4 19. Nd2 Rhe8 20. Rae1 Rd6 21. c4 Rb6 22. b3 Qe7 23. Nf3 f6 24. Qh4 h6 25. Nxe5 Qxe5 26. Bd3 Bc6 27. Rf4 a5 28. Rg4 Re7 29. Qf2 a4 30. Rb1 axb3 31. axb3 Qd6 32. Qa2 Bb7 33. Qc2 Ra6 34. b4 Ra3 35. bxc5 Qxc5 36. h3 Rc3 37. Qb2 Qc6 38. Qb4 Kd7 39. Bf1 Ba6 40. Rd1 Kc8 41. Qxe7 1-0

[Event "Bialystok Zamenhof Memorial 35th"]
[Site "Bialystok"]
[Date "2016.12.29"]
[Round "5"]
[White "Kusenkova, Natallia"]
[Black "Daniel, Damian"]
[Result "1/2-1/2"]
[WhiteElo "2163"]
[BlackElo "2030"]
[PlyCount "88"]
[EventDate "2016.12.27"]
[EventType "swiss (rapid)"]
[EventRounds "9"]
[EventCountry "POL"]
[SourceTitle "CBM 176 Extra"]
[Source "ChessBase"]
[SourceDate "2017.03.02"]
[SourceVersion "1"]
[SourceVersionDate "2017.03.02"]
[SourceQuality "1"]

1. Nf3 f5 2. d4 Nf6 3. c4 g6 4. Nc3 Bg7 5. g3 d6 6. Bg2 0-0 7. 0-0 c6 8. Qb3 Kh8 9. Rd1 Na6 10. a3 Qc7 11. Qc2 e5 12. dxe5 dxe5 13. b4 f4 14. gxf4 exf4 15. Bb2 Bf5 16. Qb3 Rae8 17. Rd2 Qc8 18. Ne1 g5 19. b5 Nc5 20. Qb4 Nce4 21. Nxe4 Bxe4 22. f3 Bf5 23. Qc5 cxb5 24. Qxc8 Rxc8 25. cxb5 Nd7 26. Bxg7+ Kxg7 27. h4 h6 28. Kh2 Nb6 29. Bh3 Rc7 30. a4 Bg6 31. Kg1 Nc4 32. Rc1 Nxd2 33. Rxc7+ Rf7 34. Rc3 Re7 35. Kf2 Bf7 36. hxg5 hxg5 37. Rc5 Kf6 38. Nc2 Nb3 39. Rc3 b6 40. e3 Nc5 41. a5 Bg6 42. axb6 axb6 43. Nb4 fxe3+ 44. Rxe3 Rxe3 1/2-1/2

[Event "Bialystok Zamenhof Memorial 35th"]
[Site "Bialystok"]
[Date "2016.12.28"]
[Round "4"]
[White "Beks, Edmunds"]
[Black "Kusenkova, Natallia"]
[Result "0-1"]
[WhiteElo "2068"]
[BlackElo "2163"]
[PlyCount "158"]
[EventDate "2016.12.27"]
[EventType "swiss (rapid)"]
[EventRounds "9"]
[EventCountry "POL"]
[SourceTitle "CBM 176 Extra"]
[Source "ChessBase"]
[SourceDate "2017.03.02"]
[SourceVersion "1"]
[SourceVersionDate "2017.03.02"]
[SourceQuality "1"]

1. e4 e5 2. Nf3 Nc6 3. Bb5 a6 4. Bxc6 dxc6 5. Nc3 f6 6. d4 exd4 7. Qxd4 Qxd4 8. Nxd4 Bd7 9. Be3 0-0-0 10. 0-0-0 Bd6 11. Nb3 Ne7 12. Nc5 b6 13. Nxd7 Rxd7 14. Ne2 c5 15. Nc3 b5 16. Nd5 Re8 17. f3 f5 18. Nxe7+ Rdxe7 19. Bg5 Rf7 20. Rde1 fxe4 21. Rxe4 Rxe4 22. fxe4 Rf2 23. g3 Kd7 24. Kd1 Ke6 25. Be3 Rg2 26. Bf4 h6 27. h4 Bxf4 28. gxf4 Rg4 29. Rf1 Rxh4 30. Ke2 c4 31. Rf2 c5 32. c3 Rg4 33. Kf3 Rg1 34. Rg2 Rf1+ 35. Ke3 Kf7 36. f5 h5 37. a3 a5 38. Ke2 Rb1 39. Ke3 Rf1 40. Ke2 Rb1 41. Ke3 h4 42. e5 h3 43. Rh2 g6 44. f6 Re1+ 45. Kf4 Ke6 46. Rxh3 Rxe5 47. Rh7 Rf5+ 48. Kg3 b4 49. axb4 axb4 50. cxb4 cxb4 51. Rb7 Rxf6 52. Rxb4 Kd5 53. Rb5+ Kd4 54. Kg4 Kd3 55. Rb4 Rf1 56. Rb8 Rf6 57. Kg5 Ra6 58. Rb4 Rc6 59. Rb8 Kd4 60. Rd8+ Kc5 61. Kh6 Rb6 62. Rd2 Kb4 63. Rc2 Ra6 64. Kg5 Ra4 65. Rc3 Ra2 66. Rc2 Ra6 67. Kh6 Re6 68. Rc3 Rd6 69. Rc2 Rd4 70. Kxg6 Kb3 71. Rh2 Rf4 72. Kg5 Rf1 73. Kg4 Rb1 74. Kf4 Rxb2 75. Rh3+ c3 76. Ke3 Rd2 77. Rh7 Rd8 78. Ke2 Kb2 79. Rc7 c2 0-1